Council Tax and Non-Domestic Rating (Demand Notices)(England)(Amendment) Regulations 2003 (Record no. 103324)

MARC details
000 -LEADER
fixed length control field 01062cad a22002175a 4500
001 - CONTROL NUMBER
control field L124977
008 - FIXED-LENGTH DATA ELEMENTS--GENERAL INFORMATION
fixed length control field 040202s2003 xxk l f000 0 eng u
020 ## - INTERNATIONAL STANDARD BOOK NUMBER
International Standard Book Number 0110482263
035 ## - SYSTEM CONTROL NUMBER
System control number (Sirsi) u124977
041 ## - LANGUAGE CODE
Language code of text/sound track or separate title eng
245 00 - TITLE STATEMENT
Title Council Tax and Non-Domestic Rating (Demand Notices)(England)(Amendment) Regulations 2003
Medium [electronic resource]
260 ## - PUBLICATION, DISTRIBUTION, ETC.
Place of publication, distribution, etc. London
Name of publisher, distributor, etc. HMSO
Date of publication, distribution, etc. 2003
490 ## - SERIES STATEMENT
Series statement SI
Volume/sequential designation 2003: 3081
520 ## - SUMMARY, ETC.
Summary, etc. Came into force 25 December 2003. Amend the Council Tax and Non-Domestic Rating (Demand Notices) (England) Regulations 2003 to take into account various provisions of the Local Government Act 2003. See the Explanatory Note for details. View at www.legislation.hmso.gov.uk/si.
650 ## - SUBJECT ADDED ENTRY--TOPICAL TERM
Topical term or geographic name entry element COUNCIL TAX AND NON-DOMESTIC RATING (DEMAND NOTICES) (ENGLAND) REGULATIONS 2003
650 ## - SUBJECT ADDED ENTRY--TOPICAL TERM
Topical term or geographic name entry element COUNCIL TAX
650 ## - SUBJECT ADDED ENTRY--TOPICAL TERM
Topical term or geographic name entry element LOCAL GOVERNMENT ACT 2003
690 ## - LOCAL SUBJECT ADDED ENTRY--TOPICAL TERM (OCLC, RLIN)
Topical term or geographic name as entry element RATING AND LOCAL TAXATION
856 ## - ELECTRONIC LOCATION AND ACCESS
Uniform Resource Identifier <a href="https://www.legislation.gov.uk/uksi/2003/3081/contents/made">https://www.legislation.gov.uk/uksi/2003/3081/contents/made</a>
Public note View the Regulations free of charge at www.legislation.gov.uk
942 ## - ADDED ENTRY ELEMENTS (KOHA)
Suppress in OPAC 0
Holdings
Withdrawn status Lost status Source of classification or shelving scheme Damaged status Not for loan Home library Current library Shelving location Date acquired Total Checkouts Full call number Barcode Date last seen Copy number Price effective from Koha item type
    Dewey Decimal Classification     Virtual Virtual Online 03/02/2004   ONLINE PUBLICATION 124977-2001 06/08/2019 1 06/08/2019 Book